=LDR 00000nam 2200000 4500 =001 INLIS000000000029163 =005 20200416074653 =035 ##$$a 0010-061300000029163 =008 200416################g##########0#ind## =041 ##$$a Ind =082 ##$$a 2x3.6 =090 ##$$a 2x3.6, Asy t =100 1#$$a Asy-Syagaf, Muhammad Bakar =245 1#$$a Tanggung jawab hamba, : $b menyingkap beragam tanggung jawab dalam berbagai sisi kehidupan manusia, /$c Muhammad Bakar Asy-Syagaf =260 ##$$a Jombang :$b Lintas Media =300 ##$$a 224 hlm, ; $c 13 x 19 cm =650 #4$$a Manusia-Munafik =850 ##$$a NBPNMAT =084 ##$$a 2x3.6 ASY t =250 ##$$a cet.1 =990 ##$$a 0001/BPAP-NTB/20142014 =990 ##$$a 20800238 =990 ##$$a 20800235